00458nam a2200181Ia 4500003000400000005001700004008004100021040000700062041000900069082001600078100004400094245006600138260002000204300001100224365001100235650001500246650001500261OSt20250918100910.0210719s1993 xx 000 0 und d cAL aTulu aT894.2 SATN aSATISH (T)dಸತೀಶ್ (ಟಿ) aNiledanti badkbನಿಲೆದಾಂತಿ ಬದ್ಕ್  aMangaluruc1993 a82bPB b10cRs aTulu Drama aTulu Drama